Les 5 sons les plus streamés (Spotify) par rappeur français - Statistiques

Statistiques générales
  • Ce quiz a été pris 1 186 fois
  • Le résultat moyen est 26 sur 115
Statistiques - réponses
Hint Réponse % Correct
180M - Damso Macarena
90%
189M - PNL Au DD
77%
143M - Niska Réseaux
63%
117M - Gazo Die
62%
206M - Ninho La vie qu'on mène
57%
161M - PNL Onizuka
50%
225M - Jul | 225M - Naps | 225M - SCH Bande Organisée
49%
134M - PNL Deux Frères
48%
101M - Nekfeu On verra
47%
185M - Naps La Kiffance
45%
97M - Vald Désaccordé
44%
97M - Niska Salé
43%
136M - Ninho Lettre à une femme
39%
127M - PNL Bené
38%
116M - Damso Feu de Bois
38%
144M - Ninho Maman ne le sait pas
38%
134M - Ninho Goutte d'eau
34%
125M - Ninho Jefe
34%
110M - Damso Mosaique solitaire
34%
64M - Orelsan Basique
33%
86M - Koba la D RR9.1
33%
67M - Zola Amber
32%
95M - Damso Dieu ne ment jamais
32%
68M - Hamza Life
32%
88M - Zola Papers
32%
118M - PNL A l'ammoniaque
31%
46M - Kaaris Tchoin
31%
48M - Josman XS
30%
82M - Ziak Fixette
29%
159M - Heuss l'enfoiré | 159M - Jul Moulaga
29%
59M - Booba 92i veyron
28%
90M - Heuss l'enfoiré Khapta
28%
107M - Booba | 107M - Niska Médicament
28%
40M - Kalash Criminel | 41M - Kaaris Arrêt du coeur
27%
62M - Koba la D Train de vie
27%
56M - Ziak Raspoutine
26%
107M - Damso Signaler
26%
82M - PLK Un peu de haine
26%
57M - SCH Fusil
25%
75M - Josman J'aime bien
25%
90M - Jul JCVD
24%
80M - Booba DKR
23%
80M - PLK Problèmes
23%
148M - Lomepal Trop Beau
23%
95M - Gazo | 95M - Koba la D Daddy Chocolat
22%
34M - Ziak Akimbo
20%
87M - Hamza | 87M - SCH Fade Up
20%
52M - Kaaris Diarabi
19%
89M - Nekfeu Elle pleut
19%
84M - Hamza | 84M - PLK Pilote
19%
96M - Gazo Haine&Sex
18%
47M - Josman Intro
18%
144M - Heuss l'enfoiré Ne reviens pas
18%
61M - Gazo Rappel
18%
97M - Nekfeu Dans l'univers
17%
74M - Nekfeu Galatée
17%
93M - Jul La Bandite
17%
103M - Nekfeu Tricheur
17%
105M - Naps 6.3
16%
106M - PLK Petrouchka
15%
38M - Népal Sundance
15%
43M - Vald Vitrine
15%
83M - Heuss l'enfoiré Aristocrate
14%
80M - Booba Mona Lisa
14%
79M - PLK Attentat
13%
86M - Jul Avant la douane
13%
64M - Hamza God Bless
13%
70M - Orelsan La Quête
13%
65M - Heuss l'enfoiré Les méchants
13%
27M - Népal Babylone
12%
75M - Orelsan Rêves bizarres
12%
95M - Naps Best Life
11%
56M - Zola Wow
11%
87M - Lomepal Yeux Disent
11%
69M - Koba la D Coffre Plein
10%
36M - Ziak Galerie
10%
67M - Koba la D | 67M - Naps Doudou
9%
39M - Kaaris Gun Salute
9%
34M - Hamza Nocif
9%
34M - Ziak Peur
9%
44M - Kaaris Bling Bling
8%
58M - SCH Le classico organisé
8%
32M - Vald Ma meilleure amie
8%
56M - SCH Mode Akimbo
8%
67M - Booba Validée
8%
49M - Zola 9113
7%
32M - Josman Dans le vide
7%
80M - Gazo Filtré
7%
67M - Orelsan La Pluie
7%
28M - Népal Rien d'spécial
7%
41M - Népal Suga Suga
7%
35M - Josman Au Bout
6%
41M - Vald Journal Perso II
6%
50M - Zola Ouais Ouais
6%
101M - Lomepal 1000°C
5%
93M - Niska Balader
5%
20M - Népal Cheddar
5%
66M - Orelsan Jour Meilleur
5%
64M - Vald Bitch
4%
23M - Kalashi Criminel But en or
4%
61M - Lomepal Evidemment
4%
108M - Niska Joli Bébé
4%
25M - Kalash Criminel Piano sombre
4%
29M - Kalash Criminel Dans la zone
2%
47M - Lomepal Mômes
2%
19M - Kalash Criminel Josky
1%
Aucun quiz correspondant
Distribution des résultats
% des personnes avec chaque résultat
Percentile par nombre de réponses
Votre historique - résultats
Vous n’avez pas pris ce quiz